| 000 | 00616nam a2200193 a 4500 | ||
|---|---|---|---|
| 001 | BRCA_470 | ||
| 005 | 20190320203026.0 | ||
| 008 | 761112s1985 xx-#---###---#000-0#spa-# | ||
| 040 |
_aDLC _cOU _dDLC |
||
| 050 | 4 |
_aN5305 _b.P63 1985 |
|
| 100 | 1 |
_aPogolotti, Marcelo _d1902- _91619 |
|
| 245 | 1 | 0 |
_aEl camino del arte _cMarcelo Pogolotti. |
| 260 |
_aLa Habana, Cuba _bLetras Cubanas _c1985 |
||
| 300 |
_a182 p. _bil., mapas _c23 cm. |
||
| 440 | 0 |
_aColección Crítica _91620 |
|
| 500 | _aIncluye vocabulario, fichas biográficas [de artistas] e índice de ilustraciones | ||
| 650 | 1 | 4 |
_aArte _xHistoria _91621 |
| 942 |
_2lcc _cB |
||
| 999 |
_c405 _d405 |
||